All 10k+ Cities in the Netherlands - Statistics

General Stats
  • This quiz has been taken 45 times
  • The average score is 75 of 253
Answers on the Map
Answers color-coded by a green-red scale on the quiz's map according to % correct below.
 
Answer Stats
Province Population Answer % Correct
Noord-Holland 1,136,210 Amsterdam
94%
Zuid-Holland 868,135 Rotterdam
85%
Groningen 218,105 Groningen
82%
Zuid-Holland 851,010 s-Gravenhage
79%
Utrecht 396,315 Utrecht
79%
Noord-Brabant 320,365 Eindhoven
76%
Overijssel 149,315 Enschede
76%
Zuid-Holland 273,720 Leiden
76%
Gelderland 113,565 Arnhem
74%
Limburg 116,630 Maastricht
74%
Noord-Brabant 218,130 Tilburg
74%
Noord-Holland 208,270 Haarlem
71%
Noord-Brabant 154,855 Breda
68%
Zuid-Holland 224,440 Dordrecht
68%
Friesland 97,070 Leeuwarden
68%
Flevoland 75,825 Lelystad
68%
Overijssel 125,820 Zwolle
68%
Noord-Holland 103,470 Alkmaar
65%
Overijssel 68,015 Almelo
65%
Utrecht 155,600 Amersfoort
65%
Noord-Holland 40,970 Den Helder
65%
Overijssel 89,640 Deventer
65%
Drenthe 52,510 Emmen
65%
Gelderland 160,960 Nijmegen
65%
Noord-Brabant 165,545 s-Hertogenbosch
65%
Flevoland 186,690 Almere
62%
Noord-Holland 11,595 Bergen
62%
Limburg 170,030 Heerlen
62%
Overijssel 56,070 Hengelo
62%
Zealand 40,300 Middelburg
62%
Gelderland 144,260 Apeldoorn
59%
Zuid-Holland 78,585 Gouda
59%
Noord-Holland 73,615 Hoorn
59%
Limburg 83,970 Venlo
59%
Drenthe 67,500 Assen
56%
Friesland 31,980 Heerenveen
53%
Noord-Holland 119,430 IJmond
53%
Limburg 48,085 Roermond
53%
Noord-Brabant 66,055 Roosendaal
53%
Friesland 34,015 Sneek
53%
Zuid-Holland 128,360 Zoetermeer
53%
Zealand 31,830 Goes
50%
Noord-Holland 86,645 Hilversum
50%
Noord-Holland 83,990 Purmerend
50%
Flevoland 20,980 Urk
50%
Noord-Brabant 63,665 Bergen op Zoom
47%
Noord-Brabant 86,815 Helmond
47%
Limburg 30,415 Kerkrade
47%
Noord-Brabant 67,760 Oss
47%
Zealand 25,375 Terneuzen
47%
Zealand 43,550 Vlissingen
47%
Friesland 14,555 Harlingen
44%
Noord-Holland 77,465 Hoofddorp
44%
Overijssel 44,235 Kampen
44%
Gelderland 42,285 Doetinchem
41%
Friesland 43,945 Drachten
41%
Flevoland 26,685 Dronten
41%
Gelderland 74,155 Ede
41%
Zuid-Holland 25,140 Noordwijk
41%
Limburg 30,185 Venray
41%
Gelderland 44,025 Zutphen
41%
Zuid-Holland 72,780 Alphen aan den Rijn
38%
Flevoland 22,695 Emmeloord
38%
Noord-Holland 18,225 Enkhuizen
38%
Gelderland 12,675 Epe
38%
Drenthe 40,755 Hoogeveen
38%
Drenthe 29,955 Meppel
38%
Groningen 18,645 Winschoten
38%
Utrecht 52,970 Zeist
38%
Noord-Holland 22,500 Castricum
35%
Groningen 16,815 Delfzijl
35%
Zuid-Holland 71,780 Spijkenisse
35%
Groningen 21,320 Stadskanaal
35%
Overijssel 19,515 Steenwijk
35%
Groningen 24,320 Veendam
35%
Noord-Brabant 56,150 Waalwijk
35%
Limburg 39,330 Weert
35%
Noord-Holland 16,030 Zandvoort
35%
Flevoland 20,835 Zeewolde
35%
Zealand 11,365 Zierikzee
35%
Friesland 12,680 Dokkum
32%
Gelderland 21,730 Duiven
32%
Zuid-Holland 36,825 Gorinchem
32%
Gelderland 34,130 Harderwijk
32%
Noord-Holland 75,880 Heerhugowaard
32%
Zealand 12,210 Hulst
32%
Gelderland 36,865 Wageningen
32%
Utrecht 23,375 Baarn
29%
Friesland 12,040 Franeker
29%
Friesland 10,085 Lemmer
29%
Zuid-Holland 24,010 Lisse
29%
Utrecht 63,540 Nieuwegein
29%
Noord-Brabant 50,140 Oosterhout
29%
Overijssel 17,930 Raalte
29%
Noord-Holland 18,600 Schagen
29%
Gelderland 39,290 Tiel
29%
Noord-Brabant 37,680 Uden
29%
Gelderland 35,105 Wijchen
29%
Noord-Holland 12,000 Aalsmeer
26%
Groningen 10,925 Appingedam
26%
Zuid-Holland 55,520 Barendrecht
26%
Gelderland 32,810 Barneveld
26%
Drenthe 13,930 Coevorden
26%
Limburg 12,230 Echt
26%
Gelderland 21,865 Ermelo
26%
Overijssel 18,750 Haaksbergen
26%
Overijssel 19,345 Hardenberg
26%
Noord-Holland 46,485 Huizen
26%
Friesland 13,055 Joure
26%
Groningen 16,050 Leek
26%
Zuid-Holland 33,815 Maassluis
26%
Gelderland 27,575 Nijkerk
26%
Gelderland 19,290 Nunspeet
26%
Overijssel 30,905 Oldenzaal
26%
Gelderland 18,725 Putten
26%
Zuid-Holland 35,055 Ridderkerk
26%
Gelderland 12,800 Zaltbommel
26%
Gelderland 24,285 Zevenaar
26%
Noord-Brabant 28,755 Best
24%
Overijssel 21,380 Borne
24%
Noord-Holland 49,105 Bussum
24%
Noord-Brabant 18,275 Cuijk
24%
Noord-Brabant 21,955 Deurne
24%
Noord-Brabant 41,680 Etten-Leur
24%
Gelderland 11,255 Hattem
24%
Zuid-Holland 19,420 Hillegom
24%
Groningen 28,685 Hoogezand
24%
Drenthe 10,675 Klazienaveen
24%
Noord-Holland 16,445 Laren
24%
Overijssel 16,800 Nijverdal
24%
Overijssel 10,765 Ommen
24%
Overijssel 27,935 Rijssen
24%
Utrecht 37,925 Soest
24%
Noord-Holland 13,165 Uitgeest
24%
Noord-Brabant 20,275 Valkenswaard
24%
Utrecht 67,470 Veenendaal
24%
Zuid-Holland 28,740 Waddinxveen
24%
Noord-Holland 19,370 Weesp
24%
Gelderland 22,790 Winterswijk
24%
Utrecht 37,470 Woerden
24%
Friesland 12,890 Wolvega
24%
Zuid-Holland 17,980 Bodegraven
21%
Noord-Brabant 13,720 Boxmeer
21%
Noord-Brabant 23,495 Boxtel
21%
Gelderland 28,100 Culemborg
21%
Overijssel 10,595 Dedemsvaart
21%
Gelderland 13,625 Druten
21%
Gelderland 14,785 Geldermalsen
21%
Overijssel 11,985 Goor
21%
Utrecht 46,350 Houten
21%
Utrecht 18,065 Leerdam
21%
Gelderland 12,115 Lochem
21%
Utrecht 21,225 Mijdrecht
21%
Noord-Holland 30,665 Nieuw-Vennep
21%
Noord-Brabant 19,015 Oisterwijk
21%
Drenthe 15,665 Roden
21%
Zuid-Holland 23,540 Sliedrecht
21%
Gelderland 12,235 Twello
21%
Noord-Brabant 26,095 Veghel
21%
Utrecht 17,635 Wijk bij Duurstede
21%
Zuid-Holland 19,225 Alblasserdam
18%
Zuid-Holland 11,265 Boskoop
18%
Utrecht 20,019 Bunschoten
18%
Gelderland 13,680 Didam
18%
Gelderland 11,680 Elburg
18%
Noord-Brabant 15,560 Gemert
18%
Gelderland 11,960 Groesbeek
18%
Noord-Brabant 12,190 Heesch
18%
Noord-Holland 22,835 Heiloo
18%
Zuid-Holland 36,680 Hellevoetsluis
18%
Limburg 13,140 Horst
18%
Noord-Holland 14,165 Julianadorp
18%
Utrecht 26,510 Leusden
18%
Overijssel 12,310 Losser
18%
Noord-Brabant 10,355 Mierlo
18%
Zuid-Holland 12,620 Monster
18%
Zuid-Holland 27,650 Naaldwijk
18%
Zuid-Holland 24,100 Oud-Beijerland
18%
Zuid-Holland 25,890 Pijnacker
18%
Utrecht 11,330 Rhenen
18%
Zuid-Holland 16,120 Sassenheim
18%
Noord-Holland 26,425 Uithoorn
18%
Gelderland 10,750 Vaassen
18%
Noord-Holland 22,025 Velserbroek
18%
Utrecht 16,170 Vianen
18%
Overijssel 11,270 Vriezenveen
18%
Gelderland 11,450 Wezep
18%
Noord-Brabant 12,285 Asten
15%
Zuid-Holland 48,835 Berkel
15%
Gelderland 20,230 Beuningen
15%
Gelderland 14,335 Dieren
15%
Noord-Brabant 22,285 Dongen
15%
Gelderland 21,640 Elst
15%
Noord-Brabant 19,425 Geertruidenberg
15%
Noord-Brabant 10,005 Hoogerheide
15%
Utrecht 33,150 IJsselstein
15%
Gelderland 10,880 Lent
15%
Gelderland 10,760 Malden
15%
Limburg 10,645 Meerssen
15%
Noord-Brabant 19,455 Nuenen
15%
Noord-Brabant 12,050 Oudenbosch
15%
Limburg 10,525 Reuver
15%
Noord-Brabant 21,000 Schijndel
15%
Zuid-Holland 18,145 s-Gravenzande
15%
Noord-Brabant 11,900 Sint Oedenrode
15%
Limburg 106,760 Sittard-Geleen
15%
Noord-Holland 21,135 Stede Broec
15%
Gelderland 13,715 Ulft
15%
Zuid-Holland 15,900 Voorhout
15%
Overijssel 13,430 Wierden
15%
Noord-Brabant 14,180 Zevenbergen
15%
Noord-Holland 10,105 Zwanenburg
15%
Gelderland 12,850 Aalten
12%
Noord-Brabant 10,110 Beek en Donk
12%
Gelderland 15,090 Bennekom
12%
Utrecht 36,730 Bilthoven
12%
Zuid-Holland 10,885 Bleiswijk
12%
Noord-Brabant 17,960 Drunen
12%
Zuid-Holland 35,180 Hoogvliet
12%
Gelderland 18,385 Huissen
12%
Zuid-Holland 13,715 Middelharnis
12%
Zuid-Holland 12,565 Noordwijkerhout
12%
Noord-Brabant 10,965 Prinsenbeek
12%
Noord-Brabant 16,530 Rijen
12%
Zuid-Holland 12,495 Rozenburg
12%
Zuid-Holland 12,855 Schoonhoven
12%
Noord-Brabant 11,155 Someren
12%
Noord-Brabant 10,465 Steenbergen
12%
Noord-Brabant 16,895 Vlijmen
12%
Noord-Brabant 10,395 Werkendam
12%
Gelderland 14,935 Westervoort
12%
Noord-Brabant 10,395 Aalst
9%
Flevoland 23,455 Almere-Haven
9%
Gelderland 13,485 Bemmel
9%
Noord-Brabant 11,995 Berkel-Enschot
9%
Zuid-Holland 12,440 Giessendam
9%
Gelderland 12,485 Lichtenvoorde
9%
Noord-Brabant 11,550 Made
9%
Utrecht 12,280 Woudenberg
9%
Zuid-Holland 10,580 De Lier
6%
Noord-Holland 29,265 Edam-Volendam
6%
Gelderland 14,065 Gaanderen
6%
Limburg 13,275 Panningen
6%
Gelderland 12,270 Renkum
6%
Noord-Brabant 13,160 Sint Willebrord
6%
Gelderland 77,110 Arnhem-Zuid
3%
Zuid-Holland 13,205 Brlle
0%
Utrecht 18,280 Driebergen-Rijsenburg
0%
Gelderland 10,245 Harderwijk-Drielanden
0%
Overijssel 22,560 Hengelo-Noord
0%
Noord-Holland 19,655 IJburg-Zuidoost
0%
Gelderland 11,715 Nijmegen-Oosterhout
0%
Zuid-Holland 11,500 Roelofsarendsveen
0%
No matching quizzes found
Score Distribution
Percent of People with Each Score
Percentile by Number Answered
Your Score History
You have not taken this quiz